Les 10 villes de Suisse les plus peuplées commençant par F - Statistiques

Statistiques générales
  • Ce quiz a été pris 11 fois
  • Le résultat moyen est 2 sur 10
Statistiques - réponses
# Ville Population % Correct
1 Fribourg 38.660
100%
2 Frauenfeld 26.747
70%
4 Flawil 10.631
10%
3 Freienbach 16.943
10%
9 Fully 9.160
10%
10 Fällanden 9.583
0%
6 Fehraltorf 6.860
0%
5 Fislisbach 6.090
0%
7 Frenkendorf 6.623
0%
8 Frutigen 7.068
0%
Aucun quiz correspondant
Distribution des résultats
% des personnes avec chaque résultat
Percentile par nombre de réponses
Votre historique - résultats
Vous n’avez pas pris ce quiz